00589nam a2200145 a 4500008004100000050001900041100001600060245005700076260003800133300002100171350000900192995009000201999001700291952013500308120416s1967 ||||||||||||||||| || u aTK 7871.85 Sem aThomas, D.G10aII-VI Semiconducting Compoundscedited by D.G.Thomas aNew YorkbW.A. Benjamin Incc1967 axiv, 148p. : ill a0.00 D0.00FCBU-MAIN LIBRARY (Kitwe)H1I4.00UDAMAGEDZMain Library Open Access Collection c46158d46158 00102lcc4070a001b001cMain Library Open Access Collectiond2022-11-30l0oTK 7871.85 Semp016457r2022-11-30w2022-11-30y002